000 00782nam a2200253Ia 4500
001 21950
005 20260320113328.0
008 260320s9999||||xx |||||||||||||| ||und||
041 _aESP
082 _a985.06
_bN36
100 _a[AUT no identificado]
_e
245 0 _aEl negociado Dreyfus ante la legislatura peruana de 1870
_b
246 _a
_5
_b
260 _aHavre :
_bImprenta A. Lemale,
_c1870
300 _alv, 162 páginas :
_b
_c24 cm.
_e
440 _a
_n
_v
500 _aEdición dedicada a los representantes de la nación; Tapa dura
650 _aHIS
653 _aHistoria del Perú; Guerra con Chile - Perú; Contrato Dreyfus - Documentos; Guano - Perú -Historia - Siglo XIX
654 _aCHU
700 _a
_c
856 _u
_z
942 _cLIB
_dJUS
_fTRC
_2ddc
_n
999 _c21950
_d21950